Most Streamed Drake Songs - Statistics

General Stats
  • This quiz has been taken 90 times
  • The average score is 8 of 20
Answer Stats
Streams Album Song Title % Correct
3.478B Views One Dance
94%
2.675B Scorpion God's Plan
91%
1.754B More Life Passionfruit
76%
1.401B Views Hotline Bling
57%
1.322B Scorpion Nice For What
52%
1.426B Scorpion In My Feelings
49%
1.096B Honestly, Nevermind Jimmy Cooks
46%
1.482B ANTI Work
42%
1.172B Scorpion Nonstop
39%
1.100B Dark Lane Demo Tapes Toosie Slide
39%
1.290B High Off Life Life Is Good
37%
1.072B Nothing Was The Same Hold On, We're Going Home
34%
1.017B The Best In The World Pack Money In The Grave
28%
1.091B Views Too Good
27%
1.182B Harder Than Ever Yes Indeed
25%
1.250B Championships Going Bad
16%
1.099B Indigo No Guidance
13%
1.380B X 100PRE MIA
12%
1.012B Single Laugh Now Cry Later
9%
1.003B Simi Look Alive
7%
No matching quizzes found
Score Distribution
Percent of People with Each Score
Percentile by Number Answered
Your Score History
You have not taken this quiz